| 000 | 00931nam0a22003011 4500 | ||
|---|---|---|---|
| 001 | RU\INGAK2\INFOCOMM_322\NLR\5000119246 | ||
| 005 | 20250625202439.0 | ||
| 035 | _a(NLR Aleph) 011026127 | ||
| 090 |
_a11089312 _c11089312 |
||
| 100 | _a20121227d1967 |||y0rusy50 ca | ||
| 101 | 1 | _acze | |
| 102 | _aRU | ||
| 105 | _ay z|||| | ||
| 200 | 1 |
_aMláďata _fAlexej Laptěv _g[Prel.: Ivo Štuka] |
|
| 210 |
_aM. _c"Progress" _d1967 |
||
| 215 |
_a[20] с. _cцв. ил. _d28 см |
||
| 300 | _aНа последней с.: А. Лаптев. Малыши | ||
| 517 | 1 |
_aМалыши _zrus |
|
| 620 | _aМосква | ||
| 686 |
_aДл930-700 _2rubbk |
||
| 700 | 1 |
_9z01790 _aLaptev _bA. M. _f1905-1965 _gAleksej Michajlovič |
|
| 702 | 1 |
_aŠtuka _bI. _f1930- _gIvo _4730 |
|
| 790 | 1 |
_9z01700 _aLaptěv _bA. _gAlexej _4070 |
|
| 801 | 1 |
_aRU _bInfoComm _c20121227 |
|
| 801 | 0 |
_aRU _bNLR _gPSBO |
|
| 852 |
_aNLR _jСл Чеш-4/1922 |
||
| 942 | _cBOOK | ||
| 980 | _aNB | ||